| 000 | 01476nab a22002897a 4500 | ||
|---|---|---|---|
| 999 |
_c6440 _d6440 |
||
| 003 | OSt | ||
| 005 | 20260203121000.0 | ||
| 008 | 190429b xxu||||| |||| 00| 0 spa d | ||
| 040 | _cPJ | ||
| 100 |
_94726 _aGorra, Daniel Gustavo |
||
| 245 | 1 | 0 |
_aViolencia estética y dolo eventual : _breflexiones sobre su delimitación y alcance a partir de un fallo / _cDaniel Gustavo Gorra, Hernán Herrera. |
| 260 |
_cCiudad Autónoma de Buenos Aires : _aThomson Reuters La Ley, _b2023. |
||
| 300 | _ap. 37-53 | ||
| 500 | _aCita Online: AR/DOC/2692/2023. | ||
| 505 | _aSumario: I. Introducción.— II. Análisis del fallo.— III. Toma de posición. Conclusiones. | ||
| 505 | _aFallo comentado: C1aCrim. y Correc., Formosa, 31/08/2023. - L. I., M. L. s/ homicidio con dolo eventual, lesiones leves —tres hechos—, lesiones gravísimas, estafa —cinco hechos—, ejercicio ilegal de la medicina —cinco hechos—, ejercicio ilegal de una profesión. | ||
| 505 | _tSi te interesa el texto completo, solicitalo a koha@justierradelfuego.gov.ar | ||
| 650 | 0 |
_9343 _aDERECHO PENAL |
|
| 650 | 0 |
_92913 _aHOMICIDIO |
|
| 650 | 0 |
_93035 _aESTAFA |
|
| 650 | 0 |
_95338 _aLESIONES GRAVÍSIMAS |
|
| 650 | 0 |
_92693 _aDOLO |
|
| 650 | 0 |
_97067 _aCIRUGIA ESTETICA |
|
| 700 |
_97066 _aHerrera, Hernán |
||
| 773 | 0 |
_02658 _93164 _tRevista de derecho penal y criminología. Nº 11 - Diciembre 2023 _dCiudad Autónoma de Buenos Aires : Thomson Reuters La Ley, 2017- _x00347914 |
|
| 942 |
_2udc _cANA |
||